Tarikh-i-tibri : (Record no. 35505)
[ view plain ]
| 000 -LEADER | |
|---|---|
| fixed length control field | 00600nam a22001577a 4500 |
| 005 - DATE AND TIME OF LATEST TRANSACTION | |
| control field | 20240329124408.0 |
| 008 - FIXED-LENGTH DATA ELEMENTS--GENERAL INFORMATION | |
| fixed length control field | 240329b |||||||| |||| 00| 0 eng d |
| 082 ## - DEWEY DECIMAL CLASSIFICATION NUMBER | |
| Classification number | 297.6 |
| Item number | TIB-T |
| 100 ## - MAIN ENTRY--AUTHOR | |
| Author Name | Tibri, Abu Jafar Muhammad bin Jarir. |
| 245 ## - TITLE STATEMENT | |
| Title | Tarikh-i-tibri : |
| Remainder of title | Tarikh-e-ummum malook / |
| Statement of responsibility, etc. | Tibri, Abu Jafar Muhammad bin Jarir |
| 260 ## - PUBLICATION, DISTRIBUTION, ETC. | |
| Place of Publication | Pakistan : |
| Name of publisher, distributor, etc. | Nafees Academy , |
| Date of publication, distribution, etc. | 2004. |
| 300 ## - PHYSICAL DESCRIPTION | |
| Pages | vol.1- (628 p.), vol.2- (400 p.), vol.3- (324 p.), vol.4- (432 p.), vol.5- (420 p.), vol.6- (492 p.), vol.7-(624 p.) : |
| 500 ## - GENERAL NOTE | |
| General note | set of 7 volumes. |
| 650 ## - SUBJECT ADDED ENTRY--TOPICAL TERM | |
| Subject / Department | Literature / Islamic |
| 300 ## - PHYSICAL DESCRIPTION | |
| -- | 24 cm. |
| 952 ## - LOCATION AND ITEM INFORMATION (KOHA) | |
| -- | 0 |
| -- | 0 |
| 952 ## - LOCATION AND ITEM INFORMATION (KOHA) | |
| -- | 0 |
| -- | 0 |
| 952 ## - LOCATION AND ITEM INFORMATION (KOHA) | |
| -- | 0 |
| -- | 0 |
| 952 ## - LOCATION AND ITEM INFORMATION (KOHA) | |
| -- | 0 |
| -- | 0 |
| 952 ## - LOCATION AND ITEM INFORMATION (KOHA) | |
| -- | 0 |
| -- | 0 |
| 952 ## - LOCATION AND ITEM INFORMATION (KOHA) | |
| -- | 0 |
| -- | 0 |
| 952 ## - LOCATION AND ITEM INFORMATION (KOHA) | |
| -- | 0 |
| -- | 0 |
| Lost status | Damaged status | Collection code | Permanent Location | Current Location | Shelving Location | Date acquired | Full Call Number | Accession No./Barcode | Date last seen | item type | Koha item type |
|---|---|---|---|---|---|---|---|---|---|---|---|
| Literature/Urdu/eng/Islamic | Superior Information Resource Center (SIRC) Superior University- Central Library | Superior Information Resource Center (SIRC) Superior University- Central Library | Literature / Islamic | 03/29/2024 | 297.6 TIB-T VOL-1 | 29177 | 04/26/2024 | BOOK | BOOK | ||
| Literature/Urdu/eng/Islamic | Superior Information Resource Center (SIRC) Superior University- Central Library | Superior Information Resource Center (SIRC) Superior University- Central Library | Literature / Islamic | 03/29/2024 | 297.6 TIB-T VOL-2 | 29178 | 04/26/2024 | BOOK | BOOK | ||
| Literature/Urdu/eng/Islamic | Superior Information Resource Center (SIRC) Superior University- Central Library | Superior Information Resource Center (SIRC) Superior University- Central Library | Literature / Islamic | 03/29/2024 | 297.6 TIB-T VOL-3 | 29179 | 04/26/2024 | BOOK | BOOK | ||
| Literature/Urdu/eng/Islamic | Superior Information Resource Center (SIRC) Superior University- Central Library | Superior Information Resource Center (SIRC) Superior University- Central Library | Literature / Islamic | 03/29/2024 | 297.6 TIB-T VOL-4 | 29180 | 04/26/2024 | BOOK | BOOK | ||
| Literature/Urdu/eng/Islamic | Superior Information Resource Center (SIRC) Superior University- Central Library | Superior Information Resource Center (SIRC) Superior University- Central Library | Literature / Islamic | 03/29/2024 | 297.6 TIB-T VOL-5 | 29181 | 04/26/2024 | BOOK | BOOK | ||
| Literature/Urdu/eng/Islamic | Superior Information Resource Center (SIRC) Superior University- Central Library | Superior Information Resource Center (SIRC) Superior University- Central Library | Literature / Islamic | 03/29/2024 | 297.6 TIB-T VOL-6 | 29182 | 04/26/2024 | BOOK | BOOK | ||
| Literature/Urdu/eng/Islamic | Superior Information Resource Center (SIRC) Superior University- Central Library | Superior Information Resource Center (SIRC) Superior University- Central Library | Literature / Islamic | 03/29/2024 | 297.6 TIB-T VOL-7 | 29183 | 04/26/2024 | BOOK | BOOK |
